Sports Quiz

Random Sports or Clickable Quiz

Manchester United players (Clickable) Quiz Stats

 Plays Quiz not verified by Sporcle

Challenge
Share
Tweet
Embed
Score 0/18 Timer 06:00
2 Plays Today
% Correct
John O'Shea
96%
Phil Neville
96%
Roy Carroll
91.1%
Gabriel Obertan
90.8%
Kl├ęberson
88.4%
Giuseppe Rossi
88.3%
Andrei Kanchelskis
87.6%
David May
84.9%
Michael Keane
84.2%
% Correct
David Bellion
83.6%
Karel Poborsky
79.9%
Ryan Shawcross
79.8%
Jonathan Greening
79.5%
Liam Miller
76.2%
Ronnie Wallwork
73.4%
Manucho
73.1%
Ritchie Jones
57.1%
David Gray
49.7%

You're not logged in!

Compare scores with friends on all Sporcle quizzes.
OR
Log In

You Might Also Like...

Show Comments

Extras

Top Quizzes Today


Score Distribution

Your Account Isn't Verified!

In order to create a playlist on Sporcle, you need to verify the email address you used during registration. Go to your Sporcle Settings to finish the process.

Report this User

Report this user for behavior that violates our Community Guidelines.

Details: